00782nam a2200205Ia 4500008004100000020001800041040001800059041000800077100002200085245016900107250001200276260004900288300006600337504005900403650001200462650001700474700003800491700003000529700001700559130821s2007 sp ab gr spa  a9788420550305 aCo-BoUCMbspa00aspa1 aMacionis, John J.10aSociologíacJohn J. Macionis, Ken Plummer ; Cristina Flesher Fominaya, traductor ; Roberto Garvía, coordinador de la edición española y revisión técnica a3a. ed. aMadrid (España)bPearson Educaciónc2007 axxiv, 744 páginasbilustraciones, mapas, tablas, gráficos aIncluye bibliografía e índice de figuras y tablas.04aCultura04aSociología1 aFlesher Fominaya, Cristinaetrad.1 aGarvía, Robertoecoord.1 aPlummer, Ken